000 01027nam a2200313 i 4500
001 000037614
003 DO-SdBNP
005 20240718151213.0
006 a||||fr|||| 00| 0
007 ta
008 121008s2008 ck d 000 0 spa d
020 _a9789588203287 (obra completa)
020 _a9789588203294 (volumen 1)
020 _a9789588203300 (volumen 2)
040 _aDO-SdBNP
_bspa
_cBNPHU
_erda
082 4 _aR 340.03
_bD545h
_222
245 0 0 _aDiccionario hispanoamericano de derecho /
_cdirección editorial, Felipe Durán Ramírez.
264 1 _aBogotá :
_bGrupo Latino Editores,
_c2008.
300 _avolumen ;
_c27 cm.
336 _2rdacontent
_atexto
_btxt
337 _2rdamedia
_asin mediación
_bn
338 _2rdacarrier
_avolumen
_bnc
505 _ta/k.
_gvolumen 1.
_gVolumen 2.
_tl/z
590 _aInventariado 2024 / MF
650 4 _aDerecho
_xDiccionarios
_xEspañol
_964084
700 1 2 _aDurán Ramírez, Felipe
_955474
_4editor
910 _aValidado. Control de calidad MFF
942 _2ddc
_cLBS1
999 _c37104
_d37104